000 00692nam a22002177a 4500
003 UA-OsUOA
001 43350
007 ta
008 20061220b un ||||| |||| 00| 0 ukr d
100 _aСюндюков І.
090 _a94(477)
_bС-11
942 _cSA
040 _aUA-OsUOA
_bukr
_cUA-OsUOA
_dUA-OsUOA
245 _aМандрівка із задоволенням і не без моралі. Як Катерина ІІ споглядала на "потьомкінські села" в Україні
300 _aС.7
955 _a0
041 _aukr
080 _a94(477)
773 0 _w43349
650 7 _a9 Географія. Біографії. Історія
_2UDC
999 _c329479
_d329479